| 000 | 00450nam a2200181Ia 4500 | ||
|---|---|---|---|
| 008 | 170705s9999 xx 000 0 und d | ||
| 020 | _a590897535 | ||
| 245 | 4 | _aThe patchwork quilt / | |
| 245 | _cValerie Flournoy ; pictures by Jerry Pinkney. | ||
| 260 | _aNew York : | ||
| 260 | _bScholastic, | ||
| 260 | _c1985 | ||
| 300 | _aunpaged : | ||
| 300 | _bcolor illustration ; | ||
| 300 | _c27cm. | ||
| 440 | _aReading rainbow. | ||
| 500 | _a520 | ||
| 999 |
_c336057 _d336057 |
||